000 00548nam a22002177a 4500
003 UA-OsUOA
001 36895
007 ta
008 20060216b un ||||| |||| 00| 0 ukr d
100 _aМень О.
090 _a2
_bМ11
942 _cSA
040 _aUA-OsUOA
_bukr
_cUA-OsUOA
_dUA-OsUOA
245 _aСвітова духовна культура. Отець Сергій Булгаков
300 _aС.22-27
955 _a0
041 _aukr
080 _a2
773 0 _w36893
650 7 _a2 Релігія. Теологія.
_2UDC
999 _c309336
_d309336